=LDR 00000nam 2200000 4500 =001 INLIS000000000042399 =005 20131008015204 =008 ***********************************ind** =035 ##$$0010-101300000000321 =041 ##$$a ind =082 ##$$a 616.075 4 =090 ##$$a 616.075 4, Moh m =100 ##$$a Mohlan H Delp =245 ##$$a Major diagnosis fisik, Major's physical diagnosis an intraduction to the clinical process, Mohlan h delp, Robert t manning; Editor, Adji dharma =260 ##$$a 1996 $b Jakarta =300 ##$$a Xvi,631 hlm, Ilus, 24 cm =650 ##$$a DIAGNOSOS FISIK =700 ##$$a Robert T Manning =850 ##$$a NBPNMAT =990 ##$$a 21400613/BPAP-NTB/20142014 =990 ##$$a 0001/BPAP-NTB/20142014 =990 ##$$a 0001/BPAP-NTB/20142014 =990 ##$$a 0001/BPAP-NTB/2015 =990 ##$$a 0001/BPAP-NTB/2015 =990 ##$$a 0001/BPAP-NTB/2016 =990 ##$$a 0001/BPAP-NTB/2016 =990 ##$$a 0001/BPAP-NTB/2016 =990 ##$$a 21400613/BPAP-NTB/20142014 =990 ##$$a 0001/BPAP-NTB/20142014 =990 ##$$a 0001/BPAP-NTB/2015 =990 ##$$a 0001/BPAP-NTB/2015 =990 ##$$a 0001/BPAP-NTB/2016